000
00296nam a22001337a 4500
008
170808b xxu||||| |||| 00| 0 eng d
020
_a
9780073519197
041
_a
eng
080
_a
004
100
_a
34
101
_a
SHKI
245
_a
MICROSOFT OFFICE WORD 2007
_c
HINKLE, D
942
_2
udc
_c
BK
999
_c
22872
_d
22872